| 000 | 00477nam a2200169Ia 4500 | ||
|---|---|---|---|
| 008 | 090201s9999 xx 000 0 und d | ||
| 010 | _aKPL-13186 | ||
| 040 | _bइंग्रजी | ||
| 041 | _aइंग्रजी | ||
| 082 |
_a22506 _b13186 |
||
| 100 | _ashree bhagwan rajneesh | ||
| 245 |
_ai am the gate _cshree bhagwan rajneesh |
||
| 260 |
_c2004 _ba life awaking movement publication |
||
| 300 |
_a244 _bलहान |
||
| 600 | _ai am the gate | ||
| 942 | _cBOOK | ||
| 999 |
_c222032 _d222032 |
||